000
00225nam a2200097Ia 4500
008
220204s9999 xx 000 0 und d
082
_a
82-3
_b
MAC
100
_a
Maclean, Alistair
245
0
_a
When light bells toll
942
_c
BK
999
_c
32928
_d
32928